| 000 | 00723nam a2200205Ia 4500 | ||
|---|---|---|---|
| 003 | OSt | ||
| 005 | 20240809101651.0 | ||
| 008 | 210210b2008 xxu||||| |||| 00| 0 eng d | ||
| 040 | _cAL | ||
| 041 | _aKannada | ||
| 082 | _a954.035K RAGB | ||
| 100 |
_aRAGHAVENDRA PRABHU (M) _dರಾಘವೇಂದ್ರ ಪ್ರಭು (ಎ೦) _9176073 |
||
| 245 |
_aBharatada svatantrya chaluvali mattu adara koduge 1885-1964 _bಭಾರತದ ಸ್ವಾತಂತ್ರ್ಯ ಚಳುವಳಿ ಮತ್ತು ಅದರ ಕೊಡುಗೆ 1885-1964 |
||
| 260 |
_aMangaluru _bNot Mentioned _c2008 |
||
| 300 | _aviii,184 | ||
| 650 |
_aVI SEM BA _9176074 |
||
| 690 |
_aIndian History _9176075 |
||
| 906 | _a063225 | ||
| 942 |
_2ddc _cBK |
||
| 999 |
_c133410 _d133410 |
||